000 00449nam a2200169Ia 4500
008 240729s9999 xx 000 0 und d
022 _a1687-8884
245 0 _aInternational Journal of Cell Biology
260 _aUnited Kingdom
260 _bHindawi Limited
650 _a Biology (General)
650 _a Cytology
650 _aScience
856 _uhttps://doaj.org/toc/4eb2aee8bfb84505ab3d679280474378
942 _2ddc
942 _cDOAJEJ
999 _c71974
_d71974
945 _a1
_bMadushi Gamage
_c1
_dMadushi Gamage